000
00344nam a2200133 a 4500
005
20140414131856.0
008
100828s19uu xx 00 eng d
050
_a
FIL
_b
B17 2006
100
_a
Chong, Grace
245
_a
Bakit hindi naka-lipistik si Nanay?.
260
_a
Manila, Philippines :
_b
Hiyas,
_c
2006.
440
_a
999
_c
110460
_d
110460